000
00259nam a22001217a 4500
082
_a
KHA/M
_b
158
100
_a
KHANNA,TWINKLE
245
_a
MRS FUNNY BONES
260
_a
INDIA
_b
PENGUIN RANDOM HOUSE
300
_a
235
650
_a
BIOGRAPHY
_z
INDIA
942
_c
BK
999
_c
5844
_d
5844